banner koha

Bioecologia do Serrador da Acacia Negra Oncideres Impluviata (Germar, 1824)(Coleoptera: Cerambycidae)no Rio Grande do Sul, 1. Etiologia [inseto] (Registro n. 92749)

MARC details
000 -LÍDER
campo de controle de tamanho fixo 00945nas a2200301 4500
001 - NÚMERO DE CONTROLE
campo de controle BR7305821
003 - IDENTIFICADOR DO NÚMERO DE CONTROLE
campo de controle BR-BrBNA
005 - DATA E HORÁRIO DA ÚLTIMA TRANSAÇÃO
campo de controle 20231205082543.0
007 - CAMPO FIXO DE DESCRIÇÃO FÍSICA--INFORMAÇÃO GERAL
campo de controle de tamanho fixo ta
008 - CAMPO DE DADOS FIXOS--INFORMAÇÃO GERAL
campo de controle de tamanho fixo 230509b bl.|||p| |||| 00| 00por d
040 ## - FONTE DA CATALOGAÇÃO
Instituição da catalogação original BR-BrBNA
Idioma da catalogação por
Instituição que transcreveu o registro Biblioteca Nacional de Agricultura
041 ## - CÓDIGO DE IDIOMA
Código do idioma do texto/trilha sonora ou título diferente (Pt)
072 ## - CÓDIGO DE CATEGORIA DE ASSUNTO
Código de Categoria de Assunto H10; L20
100 1# - ENTRADA PRINCIPAL--NOME PESSOAL
Nome pessoal Amante, E.
100 1# - ENTRADA PRINCIPAL--NOME PESSOAL
Nome pessoal Berjato, M.A.
100 1# - ENTRADA PRINCIPAL--NOME PESSOAL
Nome pessoal Gessinger, G.I.
100 1# - ENTRADA PRINCIPAL--NOME PESSOAL
Nome pessoal Didone, I.A.
100 1# - ENTRADA PRINCIPAL--NOME PESSOAL
Nome pessoal Rodrigues, I.C.
245 1# - TÍTULO
Título Bioecologia do Serrador da Acacia Negra Oncideres Impluviata (Germar, 1824)(Coleoptera: Cerambycidae)no Rio Grande do Sul, 1. Etiologia [inseto]
650 ## - ASSUNTO--TERMO TÓPICO
Cabeçalho tópico ou nome geográfico PRAGA DE PLANTA
650 ## - ASSUNTO--TERMO TÓPICO
Cabeçalho tópico ou nome geográfico ECOLOGIA ANIMAL
650 ## - ASSUNTO--TERMO TÓPICO
Cabeçalho tópico ou nome geográfico BIOLOGIA ANIMAL
650 ## - ASSUNTO--TERMO TÓPICO
Cabeçalho tópico ou nome geográfico ACACIA NEGRA
650 ## - ASSUNTO--TERMO TÓPICO
Cabeçalho tópico ou nome geográfico SERRADOR
773 0# - ENTRADA ANALÍTICA
Título Agronomia Sulriograndense (Brazil)
ISSN - International Standard Serial Number ISSN 0400-8111
Partes relacionadas (1976), v. 12(1) p. 3-54
Número de controle do registro BR7305821
909 ## -
-- 202311
-- Lúcia
-- 55
-- Lúcia Elande
942 ## - ELEMENTOS DE ENTRADA ADICIONADOS (KOHA)
Fonte da classificação ou esquema de arquivamento na estante Classificação AGRIS
Ocultar no OPAC Não
Tipo de material Koha Analítica
Exemplares
Situação do descarte Fonte da classificação ou esquema de arquivamento na estante Situação física Não pode ser emprestado Biblioteca de origem Biblioteca atual Localização na estante Enumeração do periódico / cronologia Total de empréstimos Data de último acesso Número do exemplar Tipo de material Koha Fonte de aquisição
  Classificação AGRIS   Consulta local Biblioteca Nacional de Agricultura - Binagri Biblioteca Nacional de Agricultura - Binagri   (1976), v. 12(1) p. 3-54   29/11/2023 01 Periódicos Portaria Interministerial nº 164/94

BINAGRI

Telefone: (61)3218-2567/2388/3357/2097 - binagri@agro.gov.br

Ministério da Agricultura e Pecuária , Esplanada dos Ministérios, Bloco D, Anexo B, Brasília/DF, CEP: 70.043-900